000 00694nam a2200253Ia 4500
003 OSt
005 20221007072751.0
006 a|||||r|||| 00| 0
007 ta
008 221006b |||||||| |||| 00| 0 eng d
024 _a44,302
037 _cTextual
040 _aFLL
_cFLL
_beng
041 _2eng
_aeng
082 _aZ2,5, Q6
100 _aALLEN Michael. J.
_9691334
245 0 _aCases and materials on criminal law
250 _a12th
260 _aLondon
_bSweet & Mexwell ( Thomson Reutors)
_c2016
300 _axxxix,765p
_ccm.
700 _a COOPER Simon
_9686951
942 _hZ2,5, Q6
_cTEXL
_2CC
999 _c1146931
_d1146931